Property valuation tables (Record no. 94693)
[ view plain ]
| 000 -LEADER | |
|---|---|
| fixed length control field | 01780cam a2200289 4500 |
| 001 - CONTROL NUMBER | |
| control field | D1571 |
| 008 - FIXED-LENGTH DATA ELEMENTS--GENERAL INFORMATION | |
| fixed length control field | 090401t1978 xxu||||| |||| 00| 0 eng d |
| 020 ## - INTERNATIONAL STANDARD BOOK NUMBER | |
| International Standard Book Number | 0333237285 |
| 035 ## - SYSTEM CONTROL NUMBER | |
| System control number | (Sirsi) u64648 |
| 041 ## - LANGUAGE CODE | |
| Language code of text/sound track or separate title | eng |
| 050 ## - LIBRARY OF CONGRESS CALL NUMBER | |
| Classification number | 333.3320212 |
| -- | 18 |
| 100 ## - MAIN ENTRY--PERSONAL NAME | |
| Personal name | Bowcock, Philip |
| 240 ## - UNIFORM TITLE | |
| Uniform title | Bowcock's valuation tables |
| 245 ## - TITLE STATEMENT | |
| Title | Property valuation tables |
| 260 ## - PUBLICATION, DISTRIBUTION, ETC. | |
| Place of publication, distribution, etc. | London |
| Name of publisher, distributor, etc. | MacMillan |
| Date of publication, distribution, etc. | 1978 |
| 300 ## - PHYSICAL DESCRIPTION | |
| Extent | vii, 360p. |
| Dimensions | 24cm |
| 350 ## - PRICE (NR) (BK AM CF MU VM SE) [OBSOLETE] | |
| Price | 17.50 |
| 505 ## - FORMATTED CONTENTS NOTE | |
| Formatted contents note | Standard tables; years' purchase, single rate; years' purchase, dual rate; years' purchase of a reversion to a perpetuity; present value of £1; annual sinking fund; amount of £1; amount of £1 per annum; annuity £1 will purchase; conversion factors - alternative income periods; nominal and effective rates of interest; gross and net income tax factors |
| 505 ## - FORMATTED CONTENTS NOTE | |
| Formatted contents note | Discounted cash flow and inflation: rental equivalent on a lease; rental equivalent on an annual tennancy; years' purchase of an annual rising income; rising annuity £1 will purchase; capitalisation rates for perpetual incomes; years' purchase for perpetual incomes - inflation risk-free yields; amount of £1 (effective annual basis) |
| 505 ## - FORMATTED CONTENTS NOTE | |
| Formatted contents note | Life tables: years' purchase for a single life; years' purchase for the longer of two lives; single premium to secure £1 at death; annual premium to secure £1 at death; English life tables no. 12 |
| 505 ## - FORMATTED CONTENTS NOTE | |
| Formatted contents note | Miscellaneous information: units of measurement; calendars; financial trends of recent years |
| 505 ## - FORMATTED CONTENTS NOTE | |
| Formatted contents note | References to recent articles on valuation theory |
| 520 ## - SUMMARY, ETC. | |
| Summary, etc. | This standard reference work provides a comprehensive list of compound interest tables for valuers. |
| 690 ## - LOCAL SUBJECT ADDED ENTRY--TOPICAL TERM (OCLC, RLIN) | |
| Topical term or geographic name as entry element | PROPERTY-PROPERTY APPRAISAL AND VALUATION |
| 942 ## - ADDED ENTRY ELEMENTS (KOHA) | |
| Suppress in OPAC | 0 |
| 948 ## - LOCAL PROCESSING INFORMATION (OCLC); SERIES PART DESIGNATOR (RLIN) | |
| c (OCLC) | 04/03/1997 |
| Withdrawn status | Lost status | Source of classification or shelving scheme | Damaged status | Not for loan | Home library | Current library | Shelving location | Date acquired | Cost, normal purchase price | Total Checkouts | Full call number | Barcode | Date last seen | Date last checked out | Copy number | Cost, replacement price | Price effective from | Koha item type |
|---|---|---|---|---|---|---|---|---|---|---|---|---|---|---|---|---|---|---|
| Dewey Decimal Classification | London | London | Books | 14/09/1999 | 17.50 | 1 | 333.3320212 BOW | 30002514 | 06/08/2019 | 28/07/2005 | 1 | 17.50 | 06/08/2019 | Book |